| 000 | 00942cad a2200229 4500 | ||
|---|---|---|---|
| 001 | L159468 | ||
| 008 | 170727s2017 xxk f 000 0 eng u | ||
| 020 | _a9781138244351 | ||
| 035 | _a(Sirsi) u159468 | ||
| 041 | 0 | _aeng | |
| 050 | _a697 $2 18 | ||
| 100 | _aHall, Fred | ||
| 245 |
_aBuilding services handbook _bIncorporating Current Building & Construction Regulations _h[electronic resource] |
||
| 250 | _a9th ed. | ||
| 260 |
_aOxford _bButterworth-Heinemann _c2017 |
||
| 300 | _axiv, 786 p; 24 cm | ||
| 520 | _aSummarises the key elements of building services practice, techniques and procedures through the use of diagrams and brief explanations. Includes comprehensive coverage of the latest Building, Water Supply, IEE Wiring Regulations and other standards of importance to building service professionals. | ||
| 651 | 4 | _aENGLAND AND WALES | |
| 690 |
_aBlock management _96220 |
||
| 700 | _aGreeno, Roger | ||
| 942 |
_n0 _2ddc |
||
| 999 |
_c115928 _d115928 |
||